000 00388nam a2200133 i 4500
001 bg
100 1 _aMURCZYŃSKI, Stanisław
245 0 _aGospodarka przestrzenna w Karpatach Polskich a rozwój stosunków ekonomiczno-społecznych /
_cStanisław Murczyński.
260 _aKraków,
_c1973.
040 _cBPK
041 _apol
942 _cKS
008 s pl f |000 0 pol
999 _c26271
_d26271
856 _uhttp://koha.tu.koszalin.pl/cgi-bin/koha/opac-detail.pl?biblionumber=26271
_yKatalog online BPK